| 000 | 01075nas a2200325 4500 | ||
|---|---|---|---|
| 001 | BR2015006037 | ||
| 003 | BR-BrBNA | ||
| 005 | 20231205125831.0 | ||
| 007 | ta | ||
| 008 | 230509b bl.|||p| |||| 00| 00por d | ||
| 040 |
_aBR-BrBNA _bpor _cBiblioteca Nacional de Agricultura |
||
| 041 | _a(Pt) | ||
| 072 | _aF33 | ||
| 100 | 1 | _aThebaldi, M.S. | |
| 100 | 1 | _aAlvarenga, L.A. | |
| 100 | 1 | _aDurães, M.F. | |
| 100 | 1 | _aFranco, C.S. | |
| 100 | 1 | _aMarques, R.F. de P.V. | |
| 245 | 1 | _aModelo de capacidade de suporte de carga em dois solos e avaliação de possível compactação em estradas sujeitas ao tráfego humano | |
| 650 | _aFISICA DO SOLO | ||
| 650 | _aCOMPACTACAO DO SOLO | ||
| 650 | _aLATOSSOLO VERMELHO | ||
| 650 | _aCAPACIDADE DE SUPORTE | ||
| 650 | _aTRANSPORTE | ||
| 650 | _aANALISE | ||
| 773 | 0 |
_tRevista Agrotecnologia (Brazil) _xISSN 2179-5959 _g(2012), v. 3(1) p. 57-69 _wBR2015006037 |
|
| 856 | 4 | 0 | _uhttp://www.revista.ueg.br/index.php/agrotecnologia/article/view/295/308 |
| 909 |
_a202311 _bLúcia _c55 _dLúcia Elande |
||
| 942 |
_2AGRIS _n0 _cANA |
||
| 999 |
_c246420 _d246420 |
||